Catálogo público

Termotecnia / (Record no. 172066)

MARC details
000 -CABECERA
campo de control de longitud fija 00783nam a2200253Ia 4500
001 - NÚMERO DE CONTROL
campo de control dia_1524
003 - IDENTIFICADOR DEL NÚMERO DE CONTROL
campo de control CHAP
005 - FECHA Y HORA DE LA ÚLTIMA TRANSACCIÓN
campo de control 20251021153342.0
008 - DATOS DE LONGITUD FIJA--INFORMACIÓN GENERAL
campo de control de longitud fija 220117s1974 xx 000 0 und d
010 ## - NÚMERO DE CONTROL DE LA BIBLIOTECA DEL CONGRESO
Número de control de LC 172066
040 ## - FUENTE DE LA CATALOGACIÓN
Centro/agencia transcriptor CHAP
082 ## - NÚMERO DE LA CLASIFICACIÓN DECIMAL DEWEY
Número de clasificación 621.4021 T44
100 ## - ENTRADA PRINCIPAL--NOMBRE DE PERSONA
Nombre de persona Thiem, Martin
9 (RLIN) 150929
240 ## - TÍTULO UNIFORME
Título uniforme Termotecnia
245 ## - MENCIÓN DE TÍTULO
Título Termotecnia /
Mención de responsabilidad, etc. por Martin, Thiem
260 ## - PUBLICACIÓN, DISTRIBUCIÓN, ETC.
Lugar de publicación, distribución, etc. Bilbao, España, Urmo,S.A
Fecha de publicación, distribución, etc. 1974
300 ## - DESCRIPCIÓN FÍSICA
Extensión 280 p
400 ## - MENCIÓN DE SERIE/PUNTO DE ACCESO ADICIONAL--NOMBRE DE PERSONA [OBSOLETO, CAN/MARC], [LOCAL, USA]
Nombre de persona MANUAL DEL IMGENIERO TECNICO VOL. 20
600 ## - PUNTO DE ACCESO ADICIONAL DE MATERIA--NOMBRE DE PERSONA
Nombre de persona Termodinámica. \ 2. Calor. \3. Máquinas Térmicas. \4. Termometros y Termometria L. Medina Salanova, Francisco J. II.t
9 (RLIN) 150930
901 ## - ELEMENTOS DE DATOS A LOCAL LDA (RLIN)
a 621.4021 T44
902 ## - ELEMENTOS DE DATOS B LOCAL, LDB (RLIN)
a M
905 ## - ELEMENTOS DE DATOS E LOCAL, LDE (RLIN)
a 0000001974 MEXx 0000000000ESP00
942 ## - ELEMENTOS DE PUNTO DE ACCESO ADICIONAL (KOHA)
Tipo de ítem Koha Libro
Fuente del sistema de clasificación o colocación Dewey Decimal Classification
Holdings
Estado de retiro Estado de pérdida Fuente del sistema de clasificación o colocación Estado dañado No para préstamo Código de colección Localización permanente Ubicación/localización actual Ubicación en estantería Fecha de adquisición Información codificada de la localización en otra ubicación Total de préstamos Código de barras Fecha visto por última vez Número de copia Precio válido a partir de Tipo de ítem Koha
    Dewey Decimal Classification     General Ingenieria Agroindustrial Ingenieria Agroindustrial   18/01/2022 1   dia_672 18/01/2022 1 18/01/2022 Libro